Kúpte si družičku!

Bibliographic Details
Main Author: Wilson, Jacqueline, 1945- (Author)
Other Authors: Sharratt, Nick (Illustrator), Greer, Soňa (Translator)
Format: Book
Language:Slovak
English
Published: Bratislava Slovart 2018
Subjects:

MARC

LEADER 00000cam a2200000 4500
001 vtls011762344
003 SK-MaSNL
005 20260301183303.0
008 200316s2018 xo a c 000 f slo
015 |a SNBA2018/08 
020 |a 9788055631943  |q (brožované) 
035 |a urn:nbn:sk:snk-am00dj24 
035 |a urn:nbn:sk:snk-am3i3vp 
035 |a 8AA43A5E-1C53-4C1C-B887-943AFA374B10 
040 |a SNK  |b slo  |c SNK  |e rda 
041 1 |a slo  |h eng 
044 |a xo  |c SK 
072 7 |a 821.111-3  |x Anglická próza, anglicky písaná  |2 konspekt 
072 7 |a 821-93  |x Literatúra pre deti a mládež (beletria)  |2 konspekt 
080 |a 821.111-3 1  |2 2011 
080 |a 821-93-053.2  |2 2011 
080 |a 82-31  |2 2011 
100 1 |a Wilson, Jacqueline,  |d 1945-  |4 aut  |9 314997 
240 1 0 |a Rent a bridesmaid  |l Slovensky 
245 1 0 |a Kúpte si družičku!  |c Jaqueline Wilsonová ; ilustroval Nick Sharratt ; z anglického originálu Rent a bridesmaid ... preložila Soňa Geer 
264 1 |a Bratislava  |b Slovart  |c 2018 
300 |a 300 strán  |b čiernobiele ilustrácie  |c 19 cm 
336 |a text  |b txt  |2 rdacontent 
337 |a bez média  |b n  |2 rdamedia 
338 |a zväzok  |b nc  |2 rdacarrier 
655 7 |a anglické romány  |2 SNKPH  |9 70428 
655 7 |a publikácie pre deti  |2 SNKPH  |9 70148 
655 7 |a English fiction  |2 SNKPHeng  |9 109944 
655 7 |a Children's literature  |2 SNKPHeng  |9 276039 
655 7 |a dievčenské romány  |2 SNKPH  |9 1548 
655 7 |a Girls' novels  |2 SNKPHeng  |9 290434 
700 1 |a Sharratt, Nick  |4 ill  |9 314998 
700 1 |a Greer, Soňa  |4 trl  |9 65207 
919 |a 978-80-556-3194-3 
958 |a LX 
958 |a DB 
958 |a UP 
968 |b ENG 
999 |c 856465  |d 858395 
952 |a SNK  |b SNK  |y PREZ  |7 0  |p 17A1334270  |o snkSD 87505  |i snk2018/16290  |8 0  |0 0  |1 0  |4 0  |d 2018-08-01  |f 1  |l 0  |r 2026-02-24 04:59:14  |w 2026-02-24 
952 |a SNK  |b SNK  |y PREZ  |7 0  |p 17A1334271  |o snkSD 87505 D1  |i snk2018/16291  |8 0  |0 0  |1 0  |4 0  |d 2018-08-01  |l 0  |r 2026-02-24 04:59:14  |w 2026-02-24